Territories starting with C - Statistics

General Stats
  • This quiz has been taken 11 times
  • The average score is 7 of 16
Answer Stats
Picture Answer % Correct
Cook Islands
91%
Christmas Island
82%
Curaçao
82%
Corsica
73%
Cayman Islands
64%
Clipperton Island
64%
Cocos Islands
55%
Crimea
55%
Canary Islands
45%
Ceuta
45%
Channel Islands
27%
Cabinda
9%
Chagos Archipelago
0%
Chatham Islands
0%
Chilean Arctic Territory
0%
Chukotka
0%
No matching quizzes found
Score Distribution
Percent of People with Each Score
Percentile by Number Answered
Your Score History
You have not taken this quiz